• 首页
  • 本馆介绍
  • 公告通知
  • 最新文献
  • 馆藏检索
  • 电子资源
  • 读者导购
  • 参考咨询
  • 我的图书馆
  • 登录
  • 详细信息显示
  • 放入我的书架
  • 预约/预借图书
  • 作者相关作品
  • 分类相关作品
  • 丛书相关作品
  • 出版社相关作品

书目信息

  • 表格格式
  • 工作单格式
  • 卡片格式
题名:
合成氨原料气生产
    
 
作者: 李平辉 , 田伟军 编著
分册:  
出版信息: 北京   化学工业出版社  2009
页数: 202页
开本: 26cm
丛书名:
单 册:
中图分类: TQ113.26
科图分类:
主题词: 合成氨生产--生产工艺 , 合成氨生产
电子资源:
ISBN: 978-7-122-06464-6
000 00975nam0 2200253 45
001 1033068171
005 20100407100227.51
010    @a978-7-122-06464-6@dCNY36.00
100    @a20100401d2009 em y0chiy50 ea
101 0  @achi
102    @aCN@b110000
105    @aa z 000yy
106    @ar
200 1  @a合成氨原料气生产@AHe Cheng An Yuan Liao Qi Sheng Chan@f李平辉,田伟军编著@FLi Ping Hui, Tian Wei Jun Bian Zhu
210    @a北京@c化学工业出版社@d2009
215    @a202页@c图@d26cm
330    @a本书介绍了合成氨生产的基本状况、锅炉操作、天然气造气、固定层间歇气化制气、新型煤气化技术等,阐述了生产过程的基本原理、工艺条件的选择及操作条件的控制、典型工艺流程、主要设备构造及操作要点、生产操作与技能训练及生产事故的处理等。
606 0  @a合成氨生产@x生产工艺
606 0  @a合成氨生产
690    @aTQ113.26@v4
701  0 @a李平辉@ALi Ping Hui@4编著
701  0 @a田伟军@ATian Wei Jun@4编著
801  0 @aCN@bTANGWEI@c20100407
905    @b0588059-63@dTQ113.26@e20@f5
    
    合成氨原料气生产/李平辉,田伟军编著.-北京:化学工业出版社,2009
    202页:图;26cm
    
    
    ISBN 978-7-122-06464-6:CNY36.00
    本书介绍了合成氨生产的基本状况、锅炉操作、天然气造气、固定层间歇气化制气、新型煤气化技术等,阐述了生产过程的基本原理、工艺条件的选择及操作条件的控制、典型工艺流程、主要设备构造及操作要点、生产操作与技能训练及生产事故的处理等。
●
相关链接 在E读中查询图书 在五车中查询图书 在当当中查询图书 在豆瓣中查询图书


正题名:合成氨原料气生产     索取号:TQ113.26/20         预约/预借

序号 登录号 条形码 馆藏地/架位号 状态 备注
1 0588059   205880590   第二样本阅览室/ [索取号:TQ113.26/20] 在馆    
2 0588060   205880607   第三借阅区/ [索取号:TQ113.26/20] 在馆    
3 0588061   205880616   第三借阅区/ [索取号:TQ113.26/20] 在馆    
4 0588062   205880625   第三借阅区/ [索取号:TQ113.26/20] 在馆    
5 0588063   205880634   第三借阅区/ [索取号:TQ113.26/20] 在馆    
唐山师范学院图书馆 欢迎您!
大连网信软件有限公司© 版权所有